000 00482nam a22001697a 4500
005 20251108175529.0
008 250721s2007 xx 000 0 eng d
082 1 4 _aJ/F/LOO
100 1 _aloomis, christine
245 1 4 _athe best father's day present even /
264 1 _aNew York :
_bG.P putnam's sons,
_c2007.
650 1 7 _aFiction
653 _aأطفال مرحلة متوسطة (6-9) سنوات
700 1 _aPaparone, Pam
_eIllus.
942 _2ddc
_cBK
999 _c136283
_d136283